[Event "Las Vegas National op"]
[Site "Las Vegas"]
[Date "2022.06.08"]
[Round "1"]
[White "Khanin, Semen"]
[Black "Deshpande, Aaryan"]
[Result "1-0"]
[WhiteElo "2517"]
[BlackElo "2060"]
[PlyCount "69"]
[EventDate "2022.06.08"]
[EventType "swiss"]
[EventRounds "9"]
[EventCountry "USA"]
[SourceTitle "CBM 208 Extra"]
[Source "ChessBase"]
[SourceDate "2022.07.31"]
[SourceVersion "1"]
[SourceVersionDate "2022.07.31"]
[SourceQuality "1"]

1. e4 c6 2. Nf3 d5 3. d3 g6 4. Qe2 Bg7 5. g3 h5 6. Bg2 Bg4 7. Nbd2 Nd7 8. h3 Bxf3 9. Nxf3 dxe4 10. dxe4 Qa5+ 11. Bd2 Qc5 12. c3 Nb6 13. a4 Qc4 14. a5 Qxe2+ 15. Kxe2 Nd7 16. a6 b6 17. e5 Rc8 18. Nd4 Nb8 19. f4 e6 20. c4 Ne7 21. Be3 Nd7 22. b4 h4 23. gxh4 Rxh4 24. b5 c5 25. Nf3 Rh5 26. Rhd1 Nf5 27. Ra3 Bh6 28. Bc1 Ke7 29. Rad3 Nb8 30. Kf2 Rg8 31. Nh2 Bg7 32. Bc6 Nd4 33. Rxd4 cxd4 34. Ba3+ Kd8 35. Rxd4+ 1-0

[Event "PNWCC vs Europe Hybrid 04"]
[Site "Chess.com INT"]
[Date "2022.04.24"]
[Round "4"]
[White "Deshpande, Aaryan"]
[Black "Djingarova, Emilia"]
[Result "1-0"]
[WhiteElo "2038"]
[BlackElo "2182"]
[PlyCount "83"]
[EventDate "2022.04.23"]
[EventType "team-tourn"]
[EventRounds "4"]
[EventCountry "USA"]
[SourceTitle "EXT 2023"]
[Source "ChessBase"]
[SourceDate "2022.10.05"]
[SourceVersion "1"]
[SourceVersionDate "2022.10.05"]
[SourceQuality "1"]
[WhiteTeam "PNWCC"]
[BlackTeam "Europe"]
[WhiteTeamCountry "USA"]

1. Nf3 Nf6 2. d4 g6 3. Nc3 Bg7 4. e4 d6 5. Be2 c6 6. a4 0-0 7. 0-0 Nbd7 8. h3 e5 9. dxe5 dxe5 10. Be3 Qe7 11. Qd2 Nc5 12. Bxc5 Qxc5 13. Rfd1 Nh5 14. Qd6 Qxd6 15. Rxd6 a5 16. Bc4 Nf4 17. Rad1 Ne6 18. b3 Nd4 19. Rd3 Be6 20. Nxd4 Bxc4 21. bxc4 exd4 22. Ne2 Rad8 23. Rxd8 Rxd8 24. Rb3 Rd7 25. Nc1 Re7 26. Nd3 Rxe4 27. Rxb7 Re2 28. Rb2 Bf8 29. Kf1 Re6 30. Rb8 Kg7 31. c5 h5 32. Ra8 g5 33. Rxa5 g4 34. Ra8 Rf6 35. a5 Rf5 36. hxg4 hxg4 37. a6 Bxc5 38. a7 Bxa7 39. Rxa7 g3 40. Rc7 Rf6 41. Rd7 c5 42. Rc7 1-0

[Event "PNWCC vs Europe Hybrid 04"]
[Site "Chess.com INT"]
[Date "2022.04.23"]
[Round "2"]
[White "Djingarova, Emilia"]
[Black "Deshpande, Aaryan"]
[Result "0-1"]
[WhiteElo "2182"]
[BlackElo "2038"]
[PlyCount "50"]
[EventDate "2022.04.23"]
[EventType "team-tourn"]
[EventRounds "4"]
[EventCountry "USA"]
[SourceTitle "EXT 2023"]
[Source "ChessBase"]
[SourceDate "2022.10.05"]
[SourceVersion "1"]
[SourceVersionDate "2022.10.05"]
[SourceQuality "1"]
[WhiteTeam "Europe"]
[BlackTeam "PNWCC"]
[BlackTeamCountry "USA"]

1. e4 c6 2. d4 d5 3. e5 Bf5 4. h4 Qb6 5. Nc3 h5 6. Be2 e6 7. Nf3 Nh6 8. Ng5 c5 9. Bxh5 cxd4 10. Ne2 Nc6 11. Ng3 Bb4+ 12. Bd2 g6 13. Be2 Nxe5 14. 0-0 Bd6 15. Nxf5 Nxf5 16. h5 gxh5 17. Bxh5 0-0-0 18. Re1 d3 19. cxd3 Nxd3 20. Be3 Nxe3 21. Rxe3 Nxf2 22. Kxf2 Bf4 23. Qc1+ Kb8 24. Nh3 Bxe3+ 25. Qxe3 Qxb2+ 0-1

[Event "Clayton SPICE Cup op"]
[Site "Clayton"]
[Date "2021.10.21"]
[Round "7"]
[White "Deshpande, Aaryan"]
[Black "Atanasov, Anthony"]
[Result "0-1"]
[WhiteElo "2097"]
[BlackElo "2245"]
[PlyCount "90"]
[EventDate "2021.10.17"]
[EventType "swiss"]
[EventRounds "9"]
[EventCountry "USA"]
[SourceTitle "CBM 204 Extra"]
[Source "ChessBase"]
[SourceDate "2021.11.30"]
[SourceVersion "1"]
[SourceVersionDate "2021.11.30"]
[SourceQuality "1"]

1. Nf3 Nf6 2. g3 d5 3. Bg2 Bf5 4. 0-0 e6 5. c4 c6 6. b3 Nbd7 7. Bb2 a5 8. Nc3 Be7 9. cxd5 exd5 10. d3 0-0 11. e4 dxe4 12. dxe4 Nxe4 13. Nd4 Nxc3 14. Bxc3 Bg6 15. f4 Nf6 16. f5 Bh5 17. Qd2 Nd5 18. Bxd5 Qxd5 19. Qf4 Bf6 20. g4 Be5 21. Nxc6 Bd6 22. Rad1 Qc5+ 23. Bd4 Qxc6 24. Qg5 Bg6 25. fxg6 fxg6 26. h4 h6 27. Qc1 Qe4 28. Qc4+ Kh7 29. Bb6 Qe5 30. Rd2 Rxf1+ 31. Qxf1 Rf8 32. Rf2 Qg3+ 33. Qg2 Qxh4 34. Rxf8 Bxf8 35. Bxa5 Bc5+ 36. Kf1 Qf6+ 37. Ke1 Qa1+ 38. Ke2 Qxa2+ 39. Bd2 Qxb3 40. Qe4 b5 41. g5 h5 42. Qe5 Qc4+ 43. Kd1 Qf1+ 44. Be1 Qd3+ 45. Bd2 Bb4 0-1

[Event "Clayton SPICE Cup op"]
[Site "Clayton"]
[Date "2021.10.19"]
[Round "5"]
[White "Amburgy, Ryan"]
[Black "Deshpande, Aaryan"]
[Result "1-0"]
[WhiteElo "2103"]
[BlackElo "2097"]
[PlyCount "67"]
[EventDate "2021.10.17"]
[EventType "swiss"]
[EventRounds "9"]
[EventCountry "USA"]
[SourceTitle "CBM 204 Extra"]
[Source "ChessBase"]
[SourceDate "2021.11.30"]
[SourceVersion "1"]
[SourceVersionDate "2021.11.30"]
[SourceQuality "1"]

1. Nf3 Nf6 2. c4 g6 3. Nc3 Bg7 4. e4 d6 5. d4 0-0 6. Be2 e5 7. Be3 exd4 8. Nxd4 Re8 9. Qc2 Qe7 10. f3 c6 11. g4 Bxg4 12. fxg4 Nxe4 13. Nxe4 Qxe4 14. Qxe4 Rxe4 15. Nc2 Bxb2 16. Rb1 Bc3+ 17. Kf2 Re7 18. Bf4 Be5 19. Bxe5 dxe5 20. c5 Rc7 21. Rhc1 Nd7 22. Ne3 Rd8 23. Rd1 Rf8 24. Rbc1 Kg7 25. Rd6 f5 26. gxf5 gxf5 27. Re6 f4 28. Ng4 Rf5 29. Rg1 Rg5 30. Re7+ Kg8 31. Rxh7 e4 32. Nf6+ Nxf6 33. Rxc7 e3+ 34. Kf1 1-0

[Event "Redmond PNWCC Artist Point"]
[Site "Redmond"]
[Date "2021.09.06"]
[Round "8"]
[White "Yanayt, Eugene"]
[Black "Deshpande, Aaryan"]
[Result "0-1"]
[WhiteElo "2050"]
[BlackElo "2025"]
[PlyCount "78"]
[EventDate "2021.09.02"]
[EventType "swiss"]
[EventRounds "9"]
[EventCountry "USA"]
[SourceTitle "CBM 204 Extra"]
[Source "ChessBase"]
[SourceDate "2021.11.30"]
[SourceVersion "1"]
[SourceVersionDate "2021.11.30"]
[SourceQuality "1"]

1. d4 Nf6 2. c4 g6 3. Nc3 Bg7 4. e4 d6 5. Be2 0-0 6. h4 e5 7. d5 Nbd7 8. h5 Nc5 9. Qc2 a5 10. Bg5 h6 11. Be3 g5 12. Nh3 Nh7 13. g4 Bd7 14. b3 b6 15. 0-0 Nf6 16. Bxc5 bxc5 17. Qd1 Nxh5 18. gxh5 Bxh3 19. Bg4 Bxg4 20. Qxg4 f5 21. exf5 Qd7 22. Nb5 Rac8 23. Na7 Rce8 24. Nb5 Re7 25. Rae1 Qxf5 26. Qxf5 Rxf5 27. f3 Ref7 28. Kg2 Kf8 29. Nc3 Rf4 30. Ne2 Rh4 31. Rh1 e4 32. fxe4 Rxe4 33. Ng3 Ref4 34. Re2 Be5 35. Rf1 Rg4 36. Rxf7+ Kxf7 37. Re3 Bxg3 38. Rxg3 Rxg3+ 39. Kxg3 Kf6 0-1

[Event "Redmond PNWCC Artist Point"]
[Site "Redmond"]
[Date "2021.09.05"]
[Round "6"]
[White "Porter, Ryan W"]
[Black "Deshpande, Aaryan"]
[Result "0-1"]
[WhiteElo "2241"]
[BlackElo "2025"]
[PlyCount "109"]
[EventDate "2021.09.02"]
[EventType "swiss"]
[EventRounds "9"]
[EventCountry "USA"]
[SourceTitle "CBM 204 Extra"]
[Source "ChessBase"]
[SourceDate "2021.11.30"]
[SourceVersion "1"]
[SourceVersionDate "2021.11.30"]
[SourceQuality "1"]

1. c4 Nf6 2. Nf3 g6 3. d4 Bg7 4. g3 0-0 5. Bg2 c6 6. Nc3 d5 7. Qb3 a5 8. cxd5 Nxd5 9. 0-0 Nxc3 10. bxc3 a4 11. Qc2 Re8 12. e4 Nd7 13. Be3 Nf6 14. h3 Qa5 15. Ne5 Nd7 16. f4 c5 17. Rab1 cxd4 18. cxd4 Nxe5 19. fxe5 Qa6 20. Rf2 Bd7 21. Bf1 b5 22. Kh2 Rac8 23. Qd2 Rc7 24. Bf4 Rb7 25. Qb4 e6 26. Qd2 Bc6 27. Bh6 Bxe4 28. Re1 Bd5 29. Bxg7 Kxg7 30. Rf4 h6 31. Rh4 Rh8 32. Qf4 Qa5 33. Qf6+ Kg8 34. Re2 Qc7 35. Rb2 b4 36. Qf2 b3 37. axb3 axb3 38. Rf4 Kg7 39. Bg2 Bxg2 40. Qxg2 Rhb8 41. Rff2 Qc3 42. Qe4 Rd7 43. Qf4 Qxd4 44. Qf6+ Kg8 45. Rfc2 Qb4 46. Rf2 Rc8 47. Qf3 Qc3 48. Rxb3 Qxe5 49. Re3 Qg7 50. Qe2 Re8 51. Qb5 Qd4 52. Ra3 f5 53. Qe2 e5 54. Ra6 Kg7 55. Ra2 0-1

[Event "Redmond PNWCC Artist Point"]
[Site "Redmond"]
[Date "2021.09.04"]
[Round "5"]
[White "Deshpande, Aaryan"]
[Black "Betaneli, Aleksandr"]
[Result "1/2-1/2"]
[WhiteElo "2025"]
[BlackElo "2184"]
[PlyCount "78"]
[EventDate "2021.09.02"]
[EventType "swiss"]
[EventRounds "9"]
[EventCountry "USA"]
[SourceTitle "CBM 204 Extra"]
[Source "ChessBase"]
[SourceDate "2021.11.30"]
[SourceVersion "1"]
[SourceVersionDate "2021.11.30"]
[SourceQuality "1"]

1. c4 e6 2. Nf3 d5 3. e3 Nf6 4. b3 Be7 5. Bb2 0-0 6. Be2 c5 7. 0-0 Nc6 8. cxd5 Nxd5 9. Nc3 b6 10. Rc1 Bf6 11. Qc2 Nxc3 12. dxc3 Bb7 13. Rcd1 Qe7 14. Nd2 g6 15. Ne4 Bg7 16. Nd6 Rad8 17. Nxb7 Qxb7 18. Bf3 Qc7 19. Bxc6 Qxc6 20. c4 Bxb2 21. Qxb2 Qe4 22. Qe2 Kg7 23. Rxd8 Rxd8 24. Rd1 Rxd1+ 25. Qxd1 Qe5 26. Qc1 g5 27. h3 h5 28. Qd1 h4 29. Qc1 Qd6 30. Qb2+ f6 31. Qc2 Qe5 32. Qc1 Qe4 33. Qd1 Kg6 34. Qd7 Qb1+ 35. Kh2 Qb2 36. Qxe6 Qxf2 37. Qg8+ Kh6 38. Qh8+ Kg6 39. Qg8+ Kh6 1/2-1/2

[Event "Redmond PNWCC Artist Point"]
[Site "Redmond"]
[Date "2021.09.03"]
[Round "3"]
[White "Deshpande, Aaryan"]
[Black "Cordova, Emilio"]
[Result "0-1"]
[WhiteElo "2025"]
[BlackElo "2556"]
[PlyCount "54"]
[EventDate "2021.09.02"]
[EventType "swiss"]
[EventRounds "9"]
[EventCountry "USA"]
[SourceTitle "CBM 204 Extra"]
[Source "ChessBase"]
[SourceDate "2021.11.30"]
[SourceVersion "1"]
[SourceVersionDate "2021.11.30"]
[SourceQuality "1"]

1. c4 e5 2. a3 d6 3. Nc3 Nc6 4. e3 g6 5. d4 Bg7 6. Nf3 exd4 7. Nxd4 Nxd4 8. exd4 Ne7 9. d5 0-0 10. Bd3 Nf5 11. 0-0 Bd7 12. Be3 Nxe3 13. fxe3 Qe7 14. e4 Rae8 15. Qc2 Qe5 16. Kh1 Qh5 17. Ne2 Be5 18. g3 Bg4 19. Kg1 f5 20. Nf4 Bxf4 21. Rxf4 fxe4 22. Rxf8+ Rxf8 23. Bxe4 Qe5 24. Kg2 Re8 25. Bd3 Qd4 26. Rf1 Re3 27. Rf4 Bh3+ 0-1

[Event "PNWCC-Plovdiv FIDE Hybrid II m2"]
[Site "Chess.com INT"]
[Date "2021.07.25"]
[Round "2.2"]
[White "Nikolova, Adriana"]
[Black "Deshpande, Aaryan"]
[Result "1/2-1/2"]
[WhiteElo "2243"]
[BlackElo "1955"]
[PlyCount "87"]
[EventDate "2021.07.24"]
[EventType "schev"]
[EventRounds "8"]
[EventCountry "USA"]
[SourceTitle "EXT 2022"]
[Source "ChessBase"]
[SourceDate "2021.10.06"]
[SourceVersion "1"]
[SourceVersionDate "2021.10.06"]
[SourceQuality "1"]
[WhiteTeam "Plovdiv"]
[BlackTeam "PNWCC"]
[WhiteTeamCountry "BUL"]
[BlackTeamCountry "USA"]

1. d4 Nf6 2. Bf4 g6 3. Nf3 Bg7 4. h3 0-0 5. e3 d5 6. Nbd2 c5 7. c3 Nfd7 8. Qb3 c4 9. Qc2 Nc6 10. Be2 e5 11. dxe5 Ndxe5 12. g4 b5 13. Nxe5 Nxe5 14. Nf3 Qe7 15. Rd1 Bb7 16. Bxe5 Bxe5 17. Nxe5 Qxe5 18. Rd4 f5 19. Qd2 Rae8 20. g5 f4 21. exf4 Qf5 22. Kf1 Re4 23. Bf3 Rxf4 24. Rxf4 Qxf4 25. Qxf4 Rxf4 26. Bg2 Rf7 27. Ke2 d4 28. Bxb7 d3+ 29. Ke3 Rxb7 30. b3 Rd7 31. bxc4 bxc4 32. Rb1 Kf7 33. Kd2 Ke6 34. Rb4 Kd5 35. Rb5+ Kc6 36. Rb8 Rb7 37. Rc8+ Rc7 38. Rb8 Kc5 39. f3 Kc6 40. a4 Rb7 41. Rc8+ Rc7 42. Rb8 Rb7 43. Rc8+ Rc7 44. Rb8 1/2-1/2

[Event "PNWCC Thanksgiving op"]
[Site "Chess.com INT"]
[Date "2020.11.28"]
[Round "4"]
[White "Deshpande, Aaryan"]
[Black "Maghsoodloo, Parham"]
[Result "0-1"]
[WhiteElo "1888"]
[BlackElo "2676"]
[PlyCount "64"]
[EventDate "2020.11.27"]
[EventType "swiss (rapid)"]
[EventRounds "9"]
[EventCountry "USA"]
[SourceTitle "CBM 199 Extra"]
[Source "ChessBase"]
[SourceDate "2021.01.31"]
[SourceVersion "1"]
[SourceVersionDate "2021.01.31"]
[SourceQuality "1"]

1. Nf3 Nf6 2. c4 e6 3. g3 d5 4. b3 c5 5. Bg2 Nc6 6. Bb2 d4 7. d3 Be7 8. 0-0 e5 9. Re1 Bg4 10. Nbd2 Nd7 11. a3 a5 12. Qc2 0-0 13. e3 f5 14. exd4 cxd4 15. c5 Kh8 16. Nc4 Bf6 17. Nfd2 Qc7 18. b4 axb4 19. axb4 Nxb4 20. Qb3 Rxa1 21. Rxa1 Na6 22. c6 Ndc5 23. Qb6 Qxb6 24. Nxb6 bxc6 25. Ba3 Rb8 26. Ndc4 e4 27. dxe4 fxe4 28. Bxe4 Nxe4 29. h3 Bxh3 30. f3 d3 31. Rd1 Nec5 32. Kh2 Be6 0-1

[Event "PNWCC Thanksgiving op"]
[Site "Chess.com INT"]
[Date "2020.11.27"]
[Round "3"]
[White "Deshpande, Aaryan"]
[Black "Zong, Davis Jr"]
[Result "1-0"]
[WhiteElo "1888"]
[BlackElo "2129"]
[PlyCount "64"]
[EventDate "2020.11.27"]
[EventType "swiss (rapid)"]
[EventRounds "9"]
[EventCountry "USA"]
[SourceTitle "CBM 199 Extra"]
[Source "ChessBase"]
[SourceDate "2021.01.31"]
[SourceVersion "1"]
[SourceVersionDate "2021.01.31"]
[SourceQuality "1"]

1. Nf3 d5 2. c4 c6 3. b3 Nf6 4. Bb2 e6 5. g3 Be7 6. Bg2 0-0 7. 0-0 Nbd7 8. d3 b6 9. e4 Bb7 10. Qe2 c5 11. cxd5 exd5 12. e5 Ne8 13. Nfd2 Qc8 14. f4 d4 15. Ne4 f5 16. exf6 Ndxf6 17. Nbd2 Nd5 18. Nc4 b5 19. Na5 Ne3 20. Nxb7 Nxf1 21. Rxf1 Rb8 22. Nbxc5 Nd6 23. Bxd4 Nf5 24. Bf2 Rd8 25. Qb2 Rb6 26. Qe5 Rh6 27. Ng5 Bxg5 28. fxg5 Rhd6 29. Nb7 Rxd3 30. Nxd8 Rxd8 31. Bd5+ Kh8 32. Be6 Re8 1-0

[Event "Clark Harmon Memorial"]
[Site "Chess.com INT"]
[Date "2020.04.05"]
[Round "?"]
[White "Szeto, Sophie"]
[Black "Deshpande, Aaryan"]
[Result "0-1"]
[WhiteElo "1496"]
[BlackElo "2111"]
[PlyCount "120"]
[EventDate "2020.04.04"]
[EventType "swiss"]
[EventRounds "6"]
[EventCountry "USA"]
[SourceTitle "EXT 2024"]
[Source "ChessBase"]
[SourceDate "2023.10.10"]
[SourceVersion "1"]
[SourceVersionDate "2023.10.10"]
[SourceQuality "1"]

1. e4 c6 2. d4 d5 3. e5 Bf5 4. Nf3 e6 5. Be2 Nd7 6. 0-0 Ne7 7. Nbd2 h6 8. c3 c5 9. Qb3 Qc7 10. Re1 Nc6 11. Nf1 Be7 12. Be3 a6 13. Ng3 Bg6 14. Qd1 Rc8 15. Bd3 Bxd3 16. Qxd3 cxd4 17. cxd4 Nb4 18. Qd2 Nb6 19. Rec1 Nc4 20. Qe2 Qd7 21. b3 Nxe3 22. fxe3 0-0 23. a3 Rxc1+ 24. Rxc1 Nc6 25. b4 Rc8 26. Qd2 Na7 27. Ne2 Nb5 28. Qb2 Rxc1+ 29. Qxc1 Qc6 30. a4 Qxc1+ 31. Nxc1 Nc3 32. b5 Nxa4 33. bxa6 bxa6 34. Na2 Kf8 35. Kf1 Ke8 36. Ke1 Kd7 37. Kd2 Kc6 38. Kc2 Nb6 39. Nd2 Bg5 40. Kd3 Kb5 41. g3 Ka4 42. h4 Be7 43. Kc2 a5 44. Nb1 Nc4 45. Nbc3+ Ka3 46. Kd3 Kb3 47. e4 dxe4+ 48. Kxe4 Bb4 49. Nxb4 axb4 50. Ne2 Kc2 51. d5 Nd2+ 52. Kd4 exd5 53. Kxd5 b3 54. Kd4 b2 55. Nc3 Nf3+ 56. Kc4 Nxe5+ 57. Kd4 Nf3+ 58. Kc4 Nd2+ 59. Kd4 f5 60. h5 Nf1 0-1

[Event "Clark Harmon Memorial"]
[Site "Chess.com INT"]
[Date "2020.04.04"]
[Round "?"]
[White "Tien, Sophie"]
[Black "Deshpande, Aaryan"]
[Result "1/2-1/2"]
[WhiteElo "1890"]
[BlackElo "2111"]
[PlyCount "78"]
[EventDate "2020.04.04"]
[EventType "swiss"]
[EventRounds "6"]
[EventCountry "USA"]
[SourceTitle "EXT 2024"]
[Source "ChessBase"]
[SourceDate "2023.10.10"]
[SourceVersion "1"]
[SourceVersionDate "2023.10.10"]
[SourceQuality "1"]

1. e4 c6 2. d4 d5 3. Nc3 dxe4 4. Nxe4 Bf5 5. Ng3 Bg6 6. h4 h6 7. f4 e6 8. h5 Bh7 9. Nf3 Nd7 10. Bd3 Bxd3 11. Qxd3 Qc7 12. Ne5 c5 13. Be3 Ngf6 14. 0-0-0 Nxe5 15. fxe5 c4 16. Qe2 Nd5 17. Bd2 0-0-0 18. Ne4 b5 19. Rh3 b4 20. Rf3 Qc6 21. Rxf7 c3 22. bxc3 bxc3 23. Bxc3 Nxc3 24. Nxc3 Ba3+ 25. Kb1 a6 26. Rf3 Rhf8 27. Nb5 Qxb5+ 28. Qxb5 axb5 29. Rxa3 Kb7 30. Rg3 Rf7 31. Rg6 Re7 32. Rd3 Kc6 33. Kb2 Kd5 34. Rdg3 Rdd7 35. R6g4 Rc7 36. Rb3 Rb7 37. Rc3 Rbc7 38. Rxc7 Rxc7 39. Kb3 Rf7 1/2-1/2

[Event "Seattle Classic op"]
[Site "Seattle"]
[Date "2017.08.17"]
[Round "3"]
[White "Deshpande, Aaryan"]
[Black "Kaufman, Raymond"]
[Result "0-1"]
[WhiteElo "1734"]
[BlackElo "2206"]
[PlyCount "60"]
[EventDate "2017.08.16"]
[EventType "swiss"]
[EventRounds "9"]
[EventCountry "USA"]
[SourceTitle "EXT 2023"]
[Source "ChessBase"]
[SourceDate "2022.10.05"]
[SourceVersion "1"]
[SourceVersionDate "2022.10.05"]
[SourceQuality "1"]

1. e4 c5 2. Nf3 e6 3. c3 Nf6 4. e5 Nd5 5. d4 cxd4 6. cxd4 d6 7. Nc3 Nxc3 8. bxc3 Qc7 9. Bd2 Nd7 10. exd6 Bxd6 11. Be2 0-0 12. 0-0 b6 13. h3 Bb7 14. a4 Rac8 15. Qc2 Nf6 16. a5 Be4 17. Qb2 h6 18. Rfc1 Nd5 19. axb6 axb6 20. c4 Nf4 21. Bxf4 Bxf4 22. Qc3 Rfd8 23. Rd1 Ra8 24. Nd2 Bb7 25. Rab1 Rab8 26. Re1 Ba8 27. c5 bxc5 28. dxc5 Rbc8 29. Nc4 Be4 30. Ra1 Qxc5 0-1

[Event "Washington State-chC"]
[Site "Redmond"]
[Date "2017.02.11"]
[Round "1"]
[White "Deshpande, Aaryan"]
[Black "Bishop, Alan"]
[Result "0-1"]
[WhiteElo "1842"]
[BlackElo "1862"]
[PlyCount "60"]
[EventDate "2017.02.11"]
[EventType "tourn"]
[EventRounds "9"]
[EventCountry "USA"]
[SourceTitle "EXT 2023"]
[Source "ChessBase"]
[SourceDate "2022.10.05"]
[SourceVersion "1"]
[SourceVersionDate "2022.10.05"]
[SourceQuality "1"]

1. d4 d6 2. Bf4 g6 3. e3 Bg7 4. Nf3 Nd7 5. c3 e5 6. dxe5 dxe5 7. Bg3 Ne7 8. h3 0-0 9. Nbd2 Nf5 10. Bh2 Qe7 11. Qc2 Nd6 12. Be2 Nc5 13. g4 f5 14. g5 f4 15. e4 Bxh3 16. b4 Ne6 17. Rg1 Nf7 18. Bc4 Kh8 19. Bxe6 Bxe6 20. Nb3 b6 21. Qe2 Rfd8 22. Rd1 Rxd1+ 23. Kxd1 Rd8+ 24. Kc2 Qd7 25. Rd1 Qxd1+ 26. Qxd1 Rxd1 27. Kxd1 Bg4 28. Ke2 Nxg5 29. Nbd2 Bf8 30. a4 Nf7 0-1

[Event "Seattle Masters-B 12"]
[Site "Seattle"]
[Date "2016.12.10"]
[Round "2"]
[White "Ahluwalia, Anshul Bharat"]
[Black "Deshpande, Aaryan"]
[Result "0-1"]
[WhiteElo "1762"]
[BlackElo "1763"]
[PlyCount "90"]
[EventDate "2016.12.10"]
[EventType "swiss"]
[EventRounds "3"]
[EventCountry "USA"]
[SourceTitle "EXT 2023"]
[Source "ChessBase"]
[SourceDate "2022.10.05"]
[SourceVersion "1"]
[SourceVersionDate "2022.10.05"]
[SourceQuality "1"]

1. d4 Nf6 2. c4 g6 3. Nc3 Bg7 4. e4 d6 5. f3 0-0 6. Be3 Nbd7 7. Qd2 e5 8. d5 a5 9. Bd3 Nc5 10. Bc2 Bd7 11. Nge2 b6 12. 0-0-0 Qb8 13. Bh6 b5 14. Bxg7 Kxg7 15. cxb5 Bxb5 16. Nxb5 Qxb5 17. Nc3 Qb4 18. g4 Rfb8 19. Bb1 Nfd7 20. h4 Nb6 21. Rh2 Nc4 22. Qe2 Na4 23. Nxa4 Qxa4 24. Qd3 h6 25. Rc2 Nb6 26. a3 Nd7 27. Ba2 Nc5 28. Qc4 Qxc4 29. Bxc4 f5 30. gxf5 gxf5 31. Rg2+ Kf6 32. Rdg1 fxe4 33. fxe4 Rf8 34. Rg6+ Ke7 35. Rxh6 Rf7 36. Bb5 Raf8 37. b4 axb4 38. axb4 Nd7 39. Re6+ Kd8 40. Bc4 Rf3 41. Rg7 Rc3+ 42. Kd2 Rxc4 43. Ree7 Nf6 44. b5 Nxe4+ 45. Kd3 Rc3+ 0-1

[Event "Seattle Masters 11"]
[Site "Seattle"]
[Date "2016.11.05"]
[Round "2"]
[White "He, Anthony B"]
[Black "Deshpande, Aaryan"]
[Result "1-0"]
[WhiteElo "2140"]
[BlackElo "1745"]
[PlyCount "58"]
[EventDate "2016.11.05"]
[EventType "swiss"]
[EventRounds "3"]
[EventCountry "USA"]
[SourceTitle "EXT 2023"]
[Source "ChessBase"]
[SourceDate "2022.10.05"]
[SourceVersion "1"]
[SourceVersionDate "2022.10.05"]
[SourceQuality "1"]

1. e4 c5 2. Nf3 d6 3. d4 cxd4 4. Nxd4 Nf6 5. Nc3 g6 6. Be3 Bg7 7. Be2 0-0 8. Qd2 Nc6 9. 0-0-0 Nxd4 10. Bxd4 Be6 11. Kb1 Rc8 12. h4 Rxc3 13. Qxc3 Nxe4 14. Qe3 Qa5 15. Qxe4 Qxa2+ 16. Kc1 Bf5 17. Qe3 e5 18. Bc3 d5 19. Bxe5 Bxe5 20. Qxe5 Rc8 21. Kd2 Qa4 22. Bd3 Bxd3 23. cxd3 Qc2+ 24. Ke3 d4+ 25. Kf3 Qc6+ 26. Qe4 Qf6+ 27. Kg3 Rc5 28. Rhe1 Rf5 29. f3 h6 1-0